| 000 | 00859cam a2200229 4500 | ||
|---|---|---|---|
| 001 | ABS62770 | ||
| 008 | 000000n2000 000 0 eng u | ||
| 035 | _a(Sirsi) u107875 | ||
| 100 | _aRobinson, A. | ||
| 245 | _aImpact of the Contracts (Rights of Third Parties) Act 1999 on planning obligations | ||
| 260 | _c2000 | ||
| 490 |
_aJournal of Planning and Environment Law _vAugust 2000, 778-782(5) |
||
| 520 | _aProvides a brief introduction to the main provisions of the Contracts (Rights of Third Parties) Act 1999 and considers the impact on s106 agreements. | ||
| 590 | _aABS | ||
| 650 | _aCONTRACTS (RIGHTS OF THIRD PARTIES) ACT 1999 | ||
| 650 | _aTOWN AND COUNTRY PLANNING ACT 1990 S106 | ||
| 650 | _aPLANNING OBLIGATIONS | ||
| 650 | _aTHIRD PARTIES | ||
| 650 | _aTRANSFER OF LAND | ||
| 690 |
_aPlanning and development _96259 |
||
| 942 | _n0 | ||
| 999 |
_c64434 _d64434 |
||